000 00805nam a2200265Ia 4500
003 OSt
005 20220926005353.0
006 a|||||r|||| 00| 0
007 ta
008 220923b |||||||| |||| 00| 0 eng d
020 _a8186771344
037 _cGeneral Book
040 _aRTL
_cRTL
_beng
041 _2eng
_aeng
082 _aY9(X991).2.P, P4
100 _aNaidu K M
_9310111
245 0 _aGlobalisation, decentralisation, institutions and development
260 _a New Delhi
_bSerials Publications India
_c2004
300 _axiii,125p
_ccm.
500 _aBibliography Chapterwise
650 _aSocial of Globalization
_9310112
700 _a Naidu K S Ed.
_9310113
942 _hY9(X991).2.P, P4
_cGB
_2CC
999 _c613572
_d613572